000 00964nam a22002777a 4500
001 BR9102439
003 BR-BrBNA
005 20230928093611.0
007 ta
008 230509b bl.||||| |||| 00| 0 por d
040 _aBR-BrBNA
_bpor
_cBiblioteca Nacional de Agricultura
041 _a(Por)
072 _aF06
090 _ F06 BR9102439
100 1 _aTomazela, C.
110 1 _aEscola Superior de Agricultura Luiz de Queiroz, Piracicaba, SP (Brasil)
_0Tese (Mestre em Irrigacao)
245 1 _aDesempenho hidraulico de um pivo central de baixa pressao em terreno com topografia variavel
246 1 _aHydraulic performance of a low pressure center pivot system operating on variable topography
260 3 _aPiracicaba, SP (Brasil):
_c1991.
300 _a114 p.
500 _a20 illus.; 14 tables; 30 ref.; Summaries (Eng, Por)
650 _aIRRIGACAO
650 _aEQUIPAMENTO DE IRRIGACAO
909 _a202309
_bLucia
_c55
_dLucia Elande
942 _cBK
999 _c45937
_d45937